Gelibolu 1915 : (Record no. 14100)

MARC details
000 -BAŞLIK
Sabit Uzunlukta Kontrol Alanı 01032nam a22002897a 4500
999 ## - SİSTEM KONTROL NUMARALARI (KOHA)
Koha Biblionumber 14100
Koha Biblioitemnumber 14100
003 - KONTROL NUMARASI IDENTIFIER
Denetim Alanı MIRAKIL
005 - SON İŞLEM TARİHİ VE ZAMANI
Denetim Alanı 20201013121712.0
008 - SABİT-BOY VERİ ELEMANLARI - GENEL BİLGİLER
Sabit Uzunlukta Kontrol Alanı 201013b tu ||||| |||| 00| 0 tur d
020 ## - ULUSLARARASI STANDART KİTAP NUMARASI
Uluslararası Standart Kitap Numarası 9753223536
040 ## - KATALOGLAMA KAYNAK
Orijinal Kataloglama Ajansı TR-AnCHP
Metne Dönüştürmek Ajansı TR-AnCHP
041 ## - DİL KODU
Metin / Ses Parça Veya Ayrı Başlığın Dil Kodu tur
082 ## - DEWEY ONLU SINIFLANDIRMA NUMARASI
Sınıflandırma Numarası 956.101543
Ürün Numarası F38g 2005
100 ## - ANA GİRİŞ - KİŞİSEL İSİM
Kişisel Ad Fewster, Kevin
245 ## - BAŞLIK TABLOSU
Başlık Gelibolu 1915 :
Başlığın Kalan savaşla başlayan dostluk /
Sorumluluk Tablosu, Vb Kevin Fewster, Vecihi Başarın, Hatice Hürmüz Başarın ; İngilizce'den çeviren: İbrahim Keskin.
246 ## - UNVAN FORM VARYING
Başlık Doğru / Kısa Başlığı savaşla başlayan dostluk
260 ## - YAYIN, DAĞITIM, VB
Yayın, Dağıtım, Vb Yeri İstanbul:
Yayıncı, Dağıtıcı, Vs Adı Galata Yayıncılık,
Yayın, Dağıtım, Vb Tarihi 2005.
300 ## - FİZİKSEL TANIM
Kapsam 222 s.:
Diğer Fiziksel Ayrıntıları fotg.;
Boyutlar 21 sm.
490 ## - SERİSİ TABLOSU
Seri Beyanı Galata-tarih;
504 ## - KAYNAKÇA VB NOT
Kaynakça Vb Notu Kaynakça vardır.
650 #0 - KONU KATMA GİRİŞ - TOPİKAL DÖNEM
9 (RLIN) 5657
Topikal Süreli Veya Coğrafi Ad Giriş Elemanı Birinci Dünya savaşı
Genel Alt Bölümü Tarih
Kronolojik Alt Bölümü 1914-1918
Coğrafi Alt Bölümü Türkiye
650 #0 - KONU KATMA GİRİŞ - TOPİKAL DÖNEM
9 (RLIN) 5121
Topikal Süreli Veya Coğrafi Ad Giriş Elemanı Çanakkale savaşı
Genel Alt Bölümü Tarih
Kronolojik Alt Bölümü 1915
Coğrafi Alt Bölümü Türkiye
651 #0 - KONU KATMA GİRİŞ - COĞRAFİ ADI
9 (RLIN) 6545
Coğrafi İsim Çanakkale (Türkiye)
Genel Alt Bölümü Tarih
700 ## - KATMA GİRİŞ - KİŞİSEL İSİM
9 (RLIN) 6556
Kişisel Ad Başarın, Vecihi
700 ## - KATMA GİRİŞ - KİŞİSEL İSİM
9 (RLIN) 6557
Kişisel Ad Başarın, Hatice Hürmüz
700 ## - KATMA GİRİŞ - KİŞİSEL İSİM
9 (RLIN) 6558
Kişisel Ad Keskin, İbrahim
Relator Terim çev.
942 ## - EKLENDİ GİRİŞ ELEMANLARI (KOHA)
Sınıflandırma Veya Raf Düzeni Kaynak Dewey Decimal Classification
Koha Öğesi Türü Books
Holdings
Kalıcı Konum Mevcut Konum Edinme Tarihi Toplam Check-Out'Lar Tam Çağrı Numarası Barkod Tarih Son Görülme İtibaren Geçerli Fiyatlar Sigara Kamu Notu Koha Öğesi Türü
CHP Kütüphanesi CHP Kütüphanesi 10/13/2020   956.101543 F38g 2005 019615 10/13/2020 10/13/2020 Emine Başak Alkan Bağışıdır. Books